000 00810cam a2200301 i 4500
001 768714001
003 CO-MdFUSB
005 20241205124249.0
007 ta
008 241204t1985 -ne||||| |||| 00| 0 spa d
020 _a90-6311002-2
040 _cCO-MdFUSB
041 0 _aspa
082 0 4 _223
_a238
_bJ351c
100 1 _aJanse, Jan C.
_eautor
245 1 3 _aLa confesión de la iglesia :
_bsegún las Sagradas Escrituras
_c/ J. C. Janse
250 _a2
264 1 _aPaíses Bajos :
_bFundación Editorial de Literatura Reformada,
_c[1985]
264 1 _c©1985
300 _a198 páginas
336 _atexto
_btxt
_2rdacontent
337 _2rdamedia
_asin mediación
_bn
338 _2rdacarrier
_avolumen
_bnc
563 _aRustico
653 _aCatecismo
942 _cBK
945 _aMiguel
999 _c42861
_d42861